Score 0/12 Timer 03:00
1 Play Today
% Correct
Freak
85.4%
Bleak
81.8%
Weak
81.3%
Meek
79.6%
Sneak
73.4%
Squeak
70.3%
Shriek
66.4%
Peek
62.8%
Leak
59.8%
Cheek
57.8%
Leek
53.8%
Wreak
46.6%
Come Together.
Have Fun.
All Virtual.
We all need to come together. Play Sporcle's virtual live trivia to have fun, connect with people, and get your trivia on. Join a live hosted trivia game for your favorite pub trivia experience done virtually. If a virtual private party is more your thing, go here for details.

You're not logged in!

Compare scores with friends on all Sporcle quizzes.
OR
Log In

Sporcle TV

Today on Sporcle TV


Watch our educational content, quiz creation guides, and fun videos on Sporcle TV.

Show Comments

Extras

Top Quizzes Today


Score Distribution

Paid Content

Your Account Isn't Verified!

In order to create a playlist on Sporcle, you need to verify the email address you used during registration. Go to your Sporcle Settings to finish the process.

Report this User

Report this user for behavior that violates our Community Guidelines.

Details: